00410pab a2200133 454500008004000000100001800040245009200058260000900150300001300159362001100172650002700183650003200210773003400242180718b2018 xxu||||| |||| 00| 0 eng d aMehta, Rimple aIllegal Bangladeshis in akhand bharat: inscriptions of race and religion on citizenship c2018 ap.62-68. a17 Feb aImmigration-Bangladesh aImmigration and Emmigration aEconomic and Political Weekly